[Event "Budapest-chT1 Lilienthal 1516"]
[Site "Budapest"]
[Date "2015.09.20"]
[Round "1"]
[White "Kormos, Adam"]
[Black "Fodor, Istvan"]
[Result "1-0"]
[WhiteElo "2116"]
[BlackElo "2331"]
[PlyCount "173"]
[EventDate "2015.09.20"]
[EventType "team-tourn"]
[EventRounds "9"]
[EventCountry "HUN"]
[SourceTitle "EXT 2021"]
[Source "ChessBase"]
[SourceDate "2020.10.23"]
[SourceVersion "1"]
[SourceVersionDate "2020.10.23"]
[SourceQuality "1"]
[WhiteTeam "Budapest EAC II"]
[BlackTeam "Penzugyor III"]
[WhiteTeamCountry "HUN"]
[BlackTeamCountry "HUN"]

1. e4 c5 2. Nf3 e6 3. d4 cxd4 4. Nxd4 Nc6 5. Nb5 d6 6. Bf4 e5 7. Bg5 Qxg5 8. Nc7+ Kd8 9. Nxa8 Bg4 10. f3 Be6 11. Na3 Kc8 12. Nb5 Qe3+ 13. Qe2 Qxe2+ 14. Bxe2 Nd4 15. Nxd4 exd4 16. 0-0-0 Kb8 17. Rxd4 Be7 18. Rhd1 Nf6 19. f4 Rc8 20. f5 Bd7 21. Bc4 Be8 22. Bb3 Kxa8 23. R1d3 Bc6 24. Kd1 Ng4 25. Ke1 Ne5 26. Rh3 h6 27. c3 Kb8 28. Bd5 Bf6 29. Bxc6 Rxc6 30. b3 Nd7 31. Rdd3 Nc5 32. Rde3 Rc7 33. Re2 Re7 34. c4 Re5 35. b4 Nxe4 36. Rd3 Kc7 37. a4 Nc3 38. Rxe5 Bxe5 39. a5 Ne4 40. Rb3 Kd7 41. g3 Ke7 42. Ke2 h5 43. Ke3 Ng5 44. a6 b6 45. Rd3 Kd7 46. Kf2 Kc6 47. Rd5 Ne4+ 48. Kf3 Nf6 49. b5+ Kc7 50. Rd1 Nd7 51. Re1 Nc5 52. g4 hxg4+ 53. Kxg4 Kd7 54. Re3 Ke7 55. Rh3 Ne4 56. Rh8 Nf6+ 57. Kf3 Ne8 58. h3 d5 59. c5 Bc7 60. f6+ gxf6 61. cxb6 Bxb6 62. h4 f5 63. h5 Bd4 64. Rg8 Nd6 65. Rb8 Kd7 66. b6 Nb5 67. b7 Be5 68. Rc8 Nd4+ 69. Kf2 Nc6 70. h6 Nb8 71. Rxb8 Bxb8 72. h7 Be5 73. h8Q Bxh8 74. b8Q Bd4+ 75. Kf3 Kc6 76. Qb7+ Kd6 77. Qxf7 Bb6 78. Qxf5 Kc6 79. Qd3 d4 80. Ke4 Kd6 81. Qc4 Kd7 82. Kd5 Ke7 83. Qf1 d3 84. Qxd3 Kf7 85. Ke5 Ke7 86. Qd6+ Ke8 87. Ke6 1-0

[Event "HUN-chT2 Maroczy 1415"]
[Site "Hungary"]
[Date "2015.03.22"]
[Round "8"]
[White "Konnyu, Janos"]
[Black "Fodor, Istvan"]
[Result "1-0"]
[WhiteElo "2313"]
[BlackElo "2314"]
[PlyCount "135"]
[EventDate "2014.10.12"]
[EventType "team-tourn"]
[EventRounds "9"]
[EventCountry "HUN"]
[SourceTitle "EXT 2016"]
[Source "ChessBase"]
[SourceDate "2015.10.08"]
[SourceVersion "1"]
[SourceVersionDate "2015.10.08"]
[SourceQuality "1"]
[WhiteTeam "Kobanya Aquarena"]
[BlackTeam "Vasas"]
[WhiteTeamCountry "HUN"]
[BlackTeamCountry "HUN"]

1. e4 e5 2. Nf3 Nc6 3. Bb5 a6 4. Ba4 Nf6 5. 0-0 Be7 6. Nc3 b5 7. Bb3 d6 8. h3 Na5 9. d3 0-0 10. Ne2 Re8 11. Ng3 Bf8 12. Bd2 Nxb3 13. axb3 d5 14. Qe2 Bb7 15. Rfd1 h6 16. Bc3 Bd6 17. Nh2 Bc8 18. Qf3 Bf8 19. Re1 b4 20. Bd2 dxe4 21. Nxe4 Nxe4 22. Qxe4 Rb8 23. Qe2 Rb6 24. f3 Rg6 25. Kh1 Qh4 26. Be3 Bd6 27. Bf2 Qg5 28. Be3 Qh5 29. Ra5 f5 30. Bc5 Bb7 31. Bxd6 cxd6 32. Qd2 Qh4 33. Ra4 a5 34. Rxa5 Rf8 35. Rb5 Ba8 36. Rxb4 e4 37. dxe4 fxe4 38. Rbxe4 Bxe4 39. Rxe4 Qh5 40. Ng4 Qc5 41. Ne3 Kh8 42. c4 Qa7 43. Kh2 Qb8 44. f4 Qxb3 45. f5 Rgf6 46. g4 Rb8 47. Nd5 Rff8 48. Nf4 Qxb2 49. Qxb2 Rxb2+ 50. Kg3 Kg8 51. Nd5 Rc2 52. h4 Rb8 53. g5 hxg5 54. hxg5 Rb3+ 55. Ne3 Rxc4 56. Rxc4 Rxe3+ 57. Kf4 Re8 58. Rc7 Rd8 59. f6 gxf6 60. gxf6 d5 61. Kf5 d4 62. Kg6 d3 63. Rg7+ Kf8 64. Rh7 Ke8 65. Rh8+ Kd7 66. Rxd8+ Kxd8 67. f7 Ke7 68. Kg7 1-0

[Event "HUN-chT2 Toth 1415"]
[Site "Hungary"]
[Date "2015.03.01"]
[Round "9.11"]
[White "Kozak, Janos"]
[Black "Fodor, Istvan"]
[Result "1/2-1/2"]
[WhiteElo "1595"]
[BlackElo "1904"]
[PlyCount "60"]
[EventDate "2014.09.07"]
[EventType "team-tourn"]
[EventRounds "11"]
[EventCountry "HUN"]
[SourceTitle "EXT 2016"]
[Source "ChessBase"]
[SourceDate "2015.10.08"]
[SourceVersion "1"]
[SourceVersionDate "2015.10.08"]
[SourceQuality "1"]
[WhiteTeam "Szentes"]
[BlackTeam "Karcag"]
[WhiteTeamCountry "HUN"]
[BlackTeamCountry "HUN"]

1. c4 e5 2. Nc3 Nf6 3. Nf3 Nc6 4. g3 d6 5. Bg2 Be7 6. d4 exd4 7. Nxd4 Bd7 8. 0-0 0-0 9. b3 Qc8 10. Re1 Re8 11. Bb2 Ne5 12. f4 Nc6 13. e4 h5 14. Nd5 Nxd5 15. exd5 Bg4 16. Bf3 Nxd4 17. Bxg4 Bf6 18. Qd2 Qxg4 19. Bxd4 Bxd4+ 20. Qxd4 h4 21. Qf2 Kf8 22. Rxe8+ Rxe8 23. Re1 h3 24. Rxe8+ Kxe8 25. Qe1+ Kd7 26. Kf2 Qf5 27. Qe2 g5 28. Qh5 Qc2+ 29. Qe2 Qf5 30. Qh5 Qc2+ 1/2-1/2

[Event "HUN-chT2 Maroczy 1415"]
[Site "Hungary"]
[Date "2014.11.16"]
[Round "2"]
[White "Vegh, Endre"]
[Black "Fodor, Istvan"]
[Result "0-1"]
[WhiteElo "2281"]
[BlackElo "2314"]
[PlyCount "56"]
[EventDate "2014.10.12"]
[EventType "team-tourn"]
[EventRounds "9"]
[EventCountry "HUN"]
[SourceTitle "EXT 2016"]
[Source "ChessBase"]
[SourceDate "2015.10.08"]
[SourceVersion "1"]
[SourceVersionDate "2015.10.08"]
[SourceQuality "1"]
[WhiteTeam "Dunaharaszti II"]
[BlackTeam "Vasas"]
[WhiteTeamCountry "HUN"]
[BlackTeamCountry "HUN"]

1. d4 Nf6 2. c4 g6 3. Nc3 d5 4. Nf3 Bg7 5. Qa4+ Bd7 6. Qb3 dxc4 7. Qxc4 0-0 8. Bf4 Na6 9. e4 c5 10. e5 Nh5 11. Be3 Nb4 12. 0-0-0 b5 13. Qb3 Be6 14. d5 Bf5 15. Bxc5 a5 16. Bxb4 axb4 17. Qxb4 Bh6+ 18. Nd2 Qc7 19. a3 Ra4 20. d6 Qc8 21. d7 Bxd7 22. Qb3 b4 23. axb4 Ra1+ 24. Kc2 Bf5+ 25. Bd3 Bxd3+ 26. Kxd3 Rd8+ 27. Ke2 Rxd2+ 28. Rxd2 Qg4+ 0-1

[Event "HUN-chT2 Toth 1415"]
[Site "Hungary"]
[Date "2014.10.12"]
[Round "3.10"]
[White "Fodor, Istvan"]
[Black "Gulyas, Zoltan"]
[Result "1/2-1/2"]
[WhiteElo "1904"]
[BlackElo "2036"]
[PlyCount "42"]
[EventDate "2014.09.07"]
[EventType "team-tourn"]
[EventRounds "11"]
[EventCountry "HUN"]
[SourceTitle "EXT 2016"]
[Source "ChessBase"]
[SourceDate "2015.10.08"]
[SourceVersion "1"]
[SourceVersionDate "2015.10.08"]
[SourceQuality "1"]
[WhiteTeam "Karcag"]
[BlackTeam "Ujszasz"]
[WhiteTeamCountry "HUN"]
[BlackTeamCountry "HUN"]

1. d4 Nf6 2. c4 g6 3. Nc3 d5 4. cxd5 Nxd5 5. e4 Nxc3 6. bxc3 Bg7 7. Bc4 c5 8. Ne2 0-0 9. 0-0 Qc7 10. Bf4 e5 11. dxe5 Bxe5 12. Bxe5 Qxe5 13. Bd5 Nd7 14. f4 Qh5 15. Qd3 Nf6 16. Ng3 Qh4 17. Bb3 b6 18. f5 Ng4 19. h3 Rd8 20. Bd5 Ne5 21. Qe3 Rb8 1/2-1/2

[Event "HUN-chT2 Breyer 1213"]
[Site "Hungary"]
[Date "2013.03.24"]
[Round "9.2"]
[White "Csoke, Krisztian"]
[Black "Fodor, Istvan"]
[Result "1/2-1/2"]
[WhiteElo "2256"]
[BlackElo "2312"]
[PlyCount "22"]
[EventDate "2012.09.16"]
[EventType "team-tourn"]
[EventRounds "11"]
[EventCountry "HUN"]
[SourceTitle "EXT 2014"]
[Source "ChessBase"]
[SourceDate "2013.11.20"]
[SourceVersion "1"]
[SourceVersionDate "2013.11.20"]
[SourceQuality "1"]
[WhiteTeam "Biatorbagy"]
[BlackTeam "Husi"]
[WhiteTeamCountry "HUN"]
[BlackTeamCountry "HUN"]

1. g3 Nf6 2. Bg2 d5 3. f4 g6 4. Nf3 Bg7 5. 0-0 0-0 6. d3 c6 7. Qe1 Qb6+ 8. e3 Nfd7 9. c3 Nc5 10. d4 Nd3 11. Qe2 Bf5 1/2-1/2